[Event "Lloyds Bank Masters 18th"]
[Site "London"]
[Date "1994.08.22"]
[Round "3"]
[White "Raselli, Claudio"]
[Black "Griffiths, Paul V"]
[Result "1/2-1/2"]
[WhiteElo "2035"]
[BlackElo "2245"]
[PlyCount "65"]
[EventDate "1994.08.20"]
[EventType "swiss"]
[EventRounds "10"]
[EventCountry "ENG"]
[SourceTitle "BritBase"]

1. c4 Nf6 2. Nf3 e6 3. g3 d5 4. d4 c6 5. cxd5 exd5 6. Bg2 Bd6 7. O-O Bf5 8. Nc3
Nbd7 9. Nh4 Bg6 10. Nxg6 hxg6 11. Bg5 Qb6 12. Rb1 Nf8 13. e4 Nxe4 14. Nxe4 dxe4
15. Bxe4 Ne6 16. Be3 O-O-O 17. d5 Bc5 18. Bxc5 Nxc5 19. Bg2 cxd5 20. b4 Ne6 21.
a4 Kb8 22. Qf3 f5 23. Rfd1 Nc7 24. a5 Qb5 25. Rdc1 Ne6 26. Bf1 Qd7 27. b5 Ka8
28. a6 b6 29. Bg2 Ng5 30. Qf4 Ne6 31. Qf3 Ng5 32. Qf4 Ne6 33. Qf3 1/2-1/2

[Event "Lloyds Bank Masters 18th"]
[Site "London"]
[Date "1994.08.22"]
[Round "3"]
[White "Ravi, Thandalam S"]
[Black "Emms, John M"]
[Result "1/2-1/2"]
[WhiteElo "2385"]
[BlackElo "2535"]
[PlyCount "37"]
[EventDate "1994.08.20"]
[EventType "swiss"]
[EventRounds "10"]
[EventCountry "ENG"]
[SourceTitle "BritBase"]

1. e4 c5 2. c3 d5 3. exd5 Qxd5 4. d4 Nf6 5. Nf3 Nc6 6. Be2 cxd4 7. cxd4 e6 8.
O-O Be7 9. Nc3 Qd6 10. Bg5 O-O 11. Qd2 b6 12. Rac1 Bb7 13. Rfd1 Rac8 14. h3
Rfd8 15. Bf4 Qb4 16. a3 Qb3 17. Re1 Nd5 18. Bd1 Qc4 19. Be2 1/2-1/2

[Event "Lloyds Bank Masters 18th"]
[Site "London"]
[Date "1994.08.22"]
[Round "3"]
[White "Rosenberg, Daniel"]
[Black "Parker, Jonathan"]
[Result "1/2-1/2"]
[WhiteElo "2205"]
[BlackElo "2400"]
[PlyCount "59"]
[EventDate "1994.08.20"]
[EventType "swiss"]
[EventRounds "10"]
[EventCountry "ENG"]
[SourceTitle "BritBase"]

1. d4 f5 2. c4 Nf6 3. g3 e6 4. Bg2 d5 5. Nh3 c6 6. O-O Bd6 7. b3 O-O 8. Ba3 b6
9. Bxd6 Qxd6 10. Nc3 Nbd7 11. Rc1 Ba6 12. cxd5 exd5 13. Re1 Rae8 14. f3 Re3 15.
Qd2 Re7 16. e4 fxe4 17. fxe4 dxe4 18. Nxe4 Nxe4 19. Bxe4 Bb7 20. Nf4 Rfe8 21.
Bg2 Rxe1+ 22. Rxe1 Rxe1+ 23. Qxe1 Qxd4+ 24. Kh1 Qe5 25. Qc1 Kh8 26. h3 Nf6 27.
Qa3 Qb8 28. Qe7 Ng8 29. Qf7 Nh6 30. Qe7 1/2-1/2

[Event "Lloyds Bank Masters 18th"]
[Site "London"]
[Date "1994.08.22"]
[Round "3"]
[White "Sakhatova, Elvira->Berend"]
[Black "Szekely, Peter"]
[Result "1/2-1/2"]
[WhiteElo "2300"]
[BlackElo "2490"]
[PlyCount "54"]
[EventDate "1994.08.20"]
[EventType "swiss"]
[EventRounds "10"]
[EventCountry "ENG"]
[SourceTitle "BritBase"]

1. d4 Nf6 2. Nf3 g6 3. g3 Bg7 4. Bg2 c5 5. O-O cxd4 6. Nxd4 O-O 7. c4 d6 8. Nc3
Qa5 9. Nd5 Nxd5 10. cxd5 Bd7 11. Bd2 Qa4 12. Bc3 Qxd1 13. Rfxd1 Rc8 14. Rac1
Na6 15. Kf1 Rc7 16. Ke1 Rac8 17. Kd2 Nb4 18. Bxb4 Bxd4 19. Rxc7 Rxc7 20. Bc3
Bxc3+ 21. bxc3 Rc5 22. Rb1 b6 23. e4 Ra5 24. Ra1 Bb5 25. Kc2 Bc4 26. Kb2 Kf8
27. Bf1 Bxf1 1/2-1/2

[Event "Lloyds Bank Masters 18th"]
[Site "London"]
[Date "1994.08.22"]
[Round "3"]
[White "Saritha, M Reddy"]
[Black "Ansell, Simon T"]
[Result "0-1"]
[WhiteElo "2110"]
[BlackElo "2305"]
[PlyCount "66"]
[EventDate "1994.08.20"]
[EventType "swiss"]
[EventRounds "10"]
[EventCountry "ENG"]
[SourceTitle "BritBase"]

1. d4 Nf6 2. c4 c5 3. d5 b5 4. cxb5 a6 5. b6 Qxb6 6. Nc3 g6 7. e4 d6 8. Bd3 Bg7
9. Nge2 O-O 10. O-O Nbd7 11. a4 a5 12. Kh1 Ba6 13. Bxa6 Qxa6 14. Qc2 e6 15. Rd1
exd5 16. exd5 Nb6 17. Bf4 Rad8 18. h3 Rfe8 19. Ng3 Qc4 20. Qd2 Nbxd5 21. Nxd5
Nxd5 22. Bg5 Nf6 23. Qxa5 h6 24. Bd2 Nd5 25. Rab1 Ra8 26. b3 Qd4 27. Be1 Rxa5
28. Rxd4 Rxe1+ 29. Rxe1 Bxd4 30. Ne4 Be5 31. Rd1 c4 32. bxc4 Rxa4 33. Nxd6 Nc3
0-1

[Event "Lloyds Bank Masters 18th"]
[Site "London"]
[Date "1994.08.22"]
[Round "3"]
[White "Slutzky, Leonid"]
[Black "Lau, Ralf"]
[Result "1-0"]
[WhiteElo "2340"]
[BlackElo "2515"]
[PlyCount "97"]
[EventDate "1994.08.20"]
[EventType "swiss"]
[EventRounds "10"]
[EventCountry "ENG"]
[SourceTitle "BritBase"]

1. Nf3 d5 2. e3 c6 3. c4 e6 4. b3 Nf6 5. Bb2 Nbd7 6. Nc3 a6 7. d4 Bd6 8. Bd3
O-O 9. O-O e5 10. cxd5 cxd5 11. dxe5 Nxe5 12. Be2 Nc6 13. Rc1 Re8 14. Qd3 Bg4
15. Rfd1 Nb4 16. Qd2 Qe7 17. a3 Nc6 18. Nxd5 Nxd5 19. Qxd5 Bxf3 20. Bxf3 Bxa3
21. Bxa3 Qxa3 22. Qc5 Qxb3 23. Rb1 Qa4 24. Rxb7 Ne5 25. Be2 Qa2 26. Bf1 g6 27.
h3 Qa4 28. Rd5 Qc6 29. Qxc6 Nxc6 30. Rdd7 Rf8 31. Rbc7 Nd8 32. Ra7 Rxa7 33.
Rxa7 h5 34. h4 Ne6 35. Bxa6 Ng7 36. e4 Re8 37. f3 Ne6 38. Bc4 Kg7 39. Kf2 Kf6
40. Ra6 Rc8 41. Bxe6 Rc2+ 42. Ke3 fxe6 43. g3 Rc3+ 44. Kf4 Rc5 45. g4 hxg4 46.
fxg4 Rb5 47. e5+ Kf7 48. Ra7+ Kf8 49. Kg5 1-0

[Event "Lloyds Bank Masters 18th"]
[Site "London"]
[Date "1994.08.22"]
[Round "3"]
[White "Sollars, Claude H"]
[Black "Summerscale, Aaron"]
[Result "0-1"]
[WhiteElo "2210"]
[BlackElo "2440"]
[PlyCount "68"]
[EventDate "1994.08.20"]
[EventType "swiss"]
[EventRounds "10"]
[EventCountry "ENG"]
[SourceTitle "BritBase"]

1. e4 c5 2. c4 d6 3. Nc3 Nf6 4. Nf3 e6 5. d4 cxd4 6. Nxd4 a6 7. Be3 b6 8. Be2
Bb7 9. f3 Nbd7 10. O-O Be7 11. Rc1 O-O 12. Kh1 Rc8 13. Qe1 Qc7 14. Qf2 Qb8 15.
Rfd1 Rfe8 16. g4 Ne5 17. g5 Nfd7 18. Qf1 Qa8 19. Nb3 Rf8 20. Kg1 f5 21. Nd2
fxe4 22. Ncxe4 d5 23. Nf2 d4 24. Bxd4 Bxg5 25. Nfe4 Bxe4 26. Nxe4 Bxc1 27. Rxc1
Qc6 28. Qh3 Rf5 29. Rc3 Rcf8 30. b4 Nf6 31. b5 axb5 32. cxb5 Qd5 33. Nxf6+
R5xf6 34. Bxe5 Qxe5 0-1

[Event "Lloyds Bank Masters 18th"]
[Site "London"]
[Date "1994.08.22"]
[Round "3"]
[White "Sowray, Peter J"]
[Black "Hunt, Harriet"]
[Result "0-1"]
[WhiteElo "2335"]
[BlackElo "2225"]
[PlyCount "68"]
[EventDate "1994.08.20"]
[EventType "swiss"]
[EventRounds "10"]
[EventCountry "ENG"]
[SourceTitle "BritBase"]

1. d4 d5 2. Nf3 Nf6 3. e3 c5 4. Bd3 Nc6 5. O-O Bg4 6. c3 e6 7. Nbd2 Bd6 8. dxc5
Bxc5 9. Qc2 O-O 10. e4 h6 11. b4 Bb6 12. b5 dxe4 13. Nxe4 Bxf3 14. bxc6 Nxe4
15. cxb7 Nxf2 16. Bh7+ Kh8 17. gxf3 Rb8 18. Rxf2 Bxf2+ 19. Kxf2 Qh4+ 20. Kg2 f5
21. Ba3 Rfd8 22. Kh1 Kxh7 23. Rb1 Qf4 24. Qe2 Rd7 25. Rb4 Qg5 26. f4 Qg4 27.
Qxg4 fxg4 28. Re4 Rbxb7 29. Rxe6 Rd2 30. Bb4 a5 31. Rd6 Rxa2 32. Ra6 Rd7 33.
Bd6 Rd2 34. Bc5 Rb7 0-1

[Event "Lloyds Bank Masters 18th"]
[Site "London"]
[Date "1994.08.22"]
[Round "3"]
[White "Thipsay, Praveen Mahadeo"]
[Black "Duncan, Christopher R"]
[Result "1-0"]
[WhiteElo "2505"]
[BlackElo "2300"]
[PlyCount "67"]
[EventDate "1994.08.20"]
[EventType "swiss"]
[EventRounds "10"]
[EventCountry "ENG"]
[SourceTitle "BritBase"]

1. e4 c5 2. Nf3 d6 3. d4 cxd4 4. Nxd4 Nf6 5. Nc3 g6 6. Be2 Bg7 7. O-O O-O 8.
Kh1 Nc6 9. Nb3 Be6 10. f4 Rc8 11. Be3 Na5 12. f5 Nc4 13. Bd4 Bd7 14. Bxc4 Rxc4
15. Qd3 Rc8 16. a4 a6 17. a5 Bc6 18. Nd2 Qd7 19. Nd5 Bxd5 20. exd5 Ng4 21. Bxg7
Kxg7 22. c4 Ne5 23. Qe4 Kh8 24. b3 Rg8 25. h3 Rg7 26. f6 exf6 27. Rxf6 Rgg8 28.
Qd4 Rge8 29. Ne4 Qe7 30. Raf1 Rcd8 31. Rxf7 Qh4 32. Nf6 Qh6 33. Nxe8 Rxe8 34.
R7f6 1-0

[Event "Lloyds Bank Masters 18th"]
[Site "London"]
[Date "1994.08.22"]
[Round "3"]
[White "Waqar, Mohamed"]
[Black "Mithrakanth, Poorna Sharma"]
[Result "0-1"]
[WhiteElo "2225"]
[BlackElo "2460"]
[PlyCount "82"]
[EventDate "1994.08.20"]
[EventType "swiss"]
[EventRounds "10"]
[EventCountry "ENG"]
[SourceTitle "BritBase"]

1. d4 Nf6 2. Nf3 e6 3. g3 d5 4. Bg2 c5 5. O-O Nc6 6. b3 cxd4 7. Nxd4 Nxd4 8.
Qxd4 Qc7 9. Ba3 Bxa3 10. Nxa3 O-O 11. c4 e5 12. Qd2 Qe7 13. Qb2 d4 14. Rad1 Rd8
15. Nc2 Bf5 16. Ne1 Be4 17. f4 Bxg2 18. Nxg2 Ne4 19. fxe5 Nc3 20. Rd3 Qxe5 21.
e3 b5 22. Kh1 bxc4 23. bxc4 Rab8 24. Qf2 Qe6 25. exd4 Qxc4 26. Rf3 Ne4 27. Qe3
Nf6 28. d5 Qxa2 29. Nf4 Ng4 30. Qg1 Rb2 31. Ng2 f6 32. h3 Ne5 33. Rc3 Qxd5 34.
Rc7 a5 35. Rcc1 Nf3 36. Qe3 Ng5 37. Rf2 Rxf2 38. Qxf2 Nxh3 39. Qc2 Ng5 40. Qc4
Qxc4 41. Rxc4 Rd1+ 0-1

[Event "Lloyds Bank Masters 18th"]
[Site "London"]
[Date "1994.08.23"]
[Round "4"]
[White "Ansell, Simon T"]
[Black "Norwood, David"]
[Result "1-0"]
[WhiteElo "2305"]
[BlackElo "2545"]
[PlyCount "85"]
[EventDate "1994.08.20"]
[EventType "swiss"]
[EventRounds "10"]
[EventCountry "ENG"]
[SourceTitle "BritBase"]

1. e4 g6 2. d4 d6 3. Nc3 c6 4. Bc4 Bg7 5. Qf3 e6 6. Nge2 Nd7 7. h4 Ngf6 8. g4
d5 9. Bb3 dxe4 10. Nxe4 Nxe4 11. Qxe4 c5 12. Be3 Qa5+ 13. c3 O-O 14. O-O-O cxd4
15. cxd4 Nf6 16. Qg2 Nxg4 17. Qxg4 e5 18. Qg3 Bf5 19. Rd2 Rfd8 20. d5 Rac8+ 21.
Kd1 Be4 22. Rg1 Bxd5 23. Bxd5 Rxd5 24. Nc3 Rxd2+ 25. Bxd2 e4 26. Qe3 Qh5+ 27.
Kc2 Qxh4 28. Qxa7 b5 29. a3 Rd8 30. Bg5 Qh2 31. Bxd8 Qxg1 32. Bb6 h5 33. Qa8+
Kh7 34. Qxe4 Qg5 35. Be3 Qf6 36. Qf4 Qxf4 37. Bxf4 Bd4 38. f3 h4 39. Nxb5 Bf2
40. Kd3 h3 41. Bh2 g5 42. Ke4 Kg6 43. Nd6 1-0

[Event "Lloyds Bank Masters 18th"]
[Site "London"]
[Date "1994.08.23"]
[Round "4"]
[White "Aseev, Konstantin N"]
[Black "Sakhatova, Elvira->Berend"]
[Result "0-1"]
[WhiteElo "2540"]
[BlackElo "2300"]
[PlyCount "82"]
[EventDate "1994.08.20"]
[EventType "swiss"]
[EventRounds "10"]
[EventCountry "ENG"]
[SourceTitle "BritBase"]

1. e4 c5 2. Nf3 g6 3. d4 Bg7 4. d5 Nf6 5. Nc3 O-O 6. a4 d6 7. Be2 Na6 8. O-O
Nc7 9. Bf4 b6 10. Qd2 Bb7 11. Bc4 a6 12. Rfe1 Qd7 13. Qd3 Rad8 14. Rab1 Qc8 15.
b4 cxb4 16. Rxb4 Na8 17. Nb1 Nd7 18. Nbd2 Nc5 19. Qa3 Qd7 20. h3 e6 21. dxe6
fxe6 22. Bg3 Bc6 23. a5 b5 24. Bf1 e5 25. c4 Nc7 26. Qe3 N7e6 27. cxb5 axb5 28.
Reb1 Rb8 29. Bc4 Kh8 30. Bd5 Na6 31. Bxc6 Qxc6 32. R4b2 Nac5 33. h4 Nd4 34.
Nxd4 exd4 35. Qg5 d3 36. e5 Na4 37. Rb3 Nc3 38. Rxc3 Qxc3 39. exd6 h6 40. Qe3
Rbe8 41. Ne4 Qc4 0-1

[Event "Lloyds Bank Masters 18th"]
[Site "London"]
[Date "1994.08.23"]
[Round "4"]
[White "Babar, Michael"]
[Black "Pritchett, Craig William"]
[Result "0-1"]
[WhiteElo "2150"]
[BlackElo "2360"]
[PlyCount "62"]
[EventDate "1994.08.20"]
[EventType "swiss"]
[EventRounds "10"]
[EventCountry "ENG"]
[SourceTitle "BritBase"]

1. e4 c5 2. c3 e6 3. Nf3 Nc6 4. Be2 Nf6 5. e5 Nd5 6. d4 cxd4 7. cxd4 d6 8. O-O
dxe5 9. dxe5 Qc7 10. Bc4 Nb6 11. Bb5 Bd7 12. Qe2 a6 13. Bd3 Nb4 14. Nc3 Nxd3
15. Qxd3 Be7 16. Re1 Qc4 17. Qb1 Bc6 18. Be3 Nd5 19. Nxd5 Bxd5 20. Nd4 O-O 21.
Rc1 Qa4 22. Rc7 Bd8 23. Qc2 Qxc2 24. Rxc2 f6 25. f4 fxe5 26. fxe5 Rf7 27. a3
Bc7 28. Bf2 Bxe5 29. Nxe6 Bxe6 30. Re2 Rxf2 31. Rxe5 Rf6 0-1

[Event "Lloyds Bank Masters 18th"]
[Site "London"]
[Date "1994.08.23"]
[Round "4"]
[White "Bartels, Hans A"]
[Black "Kitchlew, Andrew"]
[Result "1/2-1/2"]
[WhiteElo "2335"]
[BlackElo "2040"]
[PlyCount "163"]
[EventDate "1994.08.20"]
[EventType "swiss"]
[EventRounds "10"]
[EventCountry "ENG"]
[SourceTitle "BritBase"]

1. c4 g6 2. g3 f5 3. Bg2 Nf6 4. Nf3 Bg7 5. Nc3 O-O 6. d3 d6 7. e4 fxe4 8. dxe4
Nbd7 9. O-O e5 10. h3 Nb6 11. b3 Be6 12. Be3 Qd7 13. Ng5 h6 14. Nxe6 Qxe6 15.
Qd2 Kh7 16. f4 exf4 17. gxf4 Nh5 18. Rae1 Ng3 19. Rf2 Rae8 20. Bd4 Bxd4 21.
Qxd4 Nf5 22. Qd3 Nh4 23. Bh1 g5 24. e5+ Kh8 25. Rfe2 gxf4 26. exd6 Qg8+ 27. Kf2
Rxe2+ 28. Nxe2 cxd6 29. Qxd6 Qg7 30. Rg1 Qf6 31. Qxf6+ Rxf6 32. Bxb7 Nd7 33.
Be4 Ne5 34. c5 f3 35. Nc3 Ng2 36. Nd5 Rf8 37. b4 Nf4 38. Nxf4 Rxf4 39. Re1 Rh4
40. Kg3 f2 41. Kxf2 Rxh3 42. Bf5 Rf3+ 43. Ke2 Rxf5 44. Rd1 h5 45. Ke3 Ng4+ 46.
Ke4 Rf7 47. Rc1 Nf6+ 48. Ke5 Ne8 49. Rh1 Rh7 50. a4 Kg7 51. b5 Kh6 52. b6 axb6
53. cxb6 Re7+ 54. Kd5 Re2 55. Kc6 Rc2+ 56. Kd7 Nf6+ 57. Kd6 Ne4+ 58. Ke5 Nc5
59. a5 Ra2 60. Rb1 Rxa5 61. Kd5 Nd7+ 62. Ke6 Nxb6 63. Rxb6 h4 64. Kf6 Kh5 65.
Rb3 Ra2 66. Kf5 Rf2+ 67. Ke4 Kg4 68. Rb8 Re2+ 69. Kd3 Re6 70. Rg8+ Kf3 71. Rf8+
Kg3 72. Rg8+ Kh2 73. Kd2 h3 74. Rg7 Kh1 75. Rg8 Ra6 76. Ke2 Ra2+ 77. Kf1 Rg2
78. Rf8 Rg4 79. Kf2 Rb4 80. Rf7 Rb1 81. Rg7 Rb5 82. Rf7 1/2-1/2

[Event "Lloyds Bank Masters 18th"]
[Site "London"]
[Date "1994.08.23"]
[Round "4"]
[White "Britton, Richard"]
[Black "Zilberman, Yaacov"]
[Result "1/2-1/2"]
[WhiteElo "2295"]
[BlackElo "2460"]
[PlyCount "121"]
[EventDate "1994.08.20"]
[EventType "swiss"]
[EventRounds "10"]
[EventCountry "ENG"]
[SourceTitle "BritBase"]

1. e4 c5 2. Nf3 Nc6 3. d4 cxd4 4. Nxd4 g6 5. c4 Nf6 6. Nc3 d6 7. Be2 Nxd4 8.
Qxd4 Bg7 9. Bg5 O-O 10. Qd2 Be6 11. Rc1 Qa5 12. f3 Rfc8 13. b3 a6 14. Na4 Qxd2+
15. Kxd2 Rc6 16. Rc2 Kf8 17. Rhc1 Bd7 18. Be3 Be8 19. Nb6 Rd8 20. a4 e6 21. Ke1
Nd7 22. Nxd7+ Bxd7 23. a5 Bf6 24. Bd3 h5 25. Ke2 Be8 26. b4 Rdc8 27. Kd2 Ra8
28. Ra2 Bd8 29. Rca1 Bf6 30. Rb1 Rcc8 31. Ke2 Bd8 32. Bd4 f5 33. e5 Bc7 34. f4
dxe5 35. Bxe5 Bxe5 36. fxe5 h4 37. g3 Rc7 38. Ke3 Rd8 39. Be2 hxg3 40. hxg3 g5
41. Rbb2 Rcd7 42. b5 Rd4 43. bxa6 bxa6 44. Rb6 Re4+ 45. Kf2 Rxe5 46. Rxa6 Ba4
47. Bf3 Bb3 48. Re2 Rxe2+ 49. Bxe2 Rc8 50. Rxe6 Bxc4 51. Rf6+ Kg7 52. Rxf5 Bxe2
53. Kxe2 Kg6 54. g4 Rc4 55. Kf3 Ra4 56. Rb5 Kf6 57. Kg3 Ra3+ 58. Kf2 Ra4 59.
Kf3 Rf4+ 60. Kg3 Ra4 61. Rf5+ 1/2-1/2

[Event "Lloyds Bank Masters 18th"]
[Site "London"]
[Date "1994.08.23"]
[Round "4"]
[White "Cobb, James"]
[Black "Lejlic, Samir"]
[Result "0-1"]
[WhiteElo "2240"]
[BlackElo "2420"]
[PlyCount "70"]
[EventDate "1994.08.20"]
[EventType "swiss"]
[EventRounds "10"]
[EventCountry "ENG"]
[SourceTitle "BritBase"]

1. e4 e5 2. Nf3 Nc6 3. Bb5 a6 4. Ba4 d6 5. Bxc6+ bxc6 6. d4 Bg4 7. dxe5 dxe5 8.
O-O Bd6 9. Nbd2 Be6 10. Qe2 f6 11. Nc4 Ne7 12. Rd1 Qb8 13. Be3 O-O 14. Nfd2 a5
15. a4 Qb7 16. Qf1 Rfd8 17. f3 Kh8 18. Kh1 h6 19. Qf2 f5 20. Bc5 fxe4 21. fxe4
Ng6 22. b3 Qb8 23. Qg3 Kh7 24. Qe3 Rf8 25. Rf1 Qd8 26. Rxf8 Qxf8 27. Ba3 Qe7
28. Bb2 Rf8 29. Bc3 Bc5 30. Qg3 Bf2 31. Qd3 Bg4 32. Nxa5 Qh4 33. g3 Qh5 34.
Nxc6 Be2 35. Qd7 Bf3+ 0-1

[Event "Lloyds Bank Masters 18th"]
[Site "London"]
[Date "1994.08.23"]
[Round "4"]
[White "Dhar Barua, Saheli"]
[Black "Webster, Andrew"]
[Result "1/2-1/2"]
[WhiteElo "2190"]
[BlackElo "2405"]
[PlyCount "104"]
[EventDate "1994.08.20"]
[EventType "swiss"]
[EventRounds "10"]
[EventCountry "ENG"]
[SourceTitle "BritBase"]

1. e4 c5 2. Nf3 a6 3. d4 cxd4 4. Nxd4 Nf6 5. Nc3 e5 6. Nb3 Bb4 7. Bd3 d5 8.
exd5 Nxd5 9. Bd2 Nxc3 10. bxc3 Bd6 11. Qh5 g6 12. Qh6 Bf8 13. Qe3 Bg7 14. O-O
O-O 15. f4 exf4 16. Qxf4 Nc6 17. Rae1 Ra7 18. Re2 b6 19. Rfe1 Rd7 20. a4 Rd6
21. Bc4 Kh8 22. Qg3 f6 23. Nd4 Rxd4 24. cxd4 Qxd4+ 25. Qf2 Qxc4 26. Re8 Qf7 27.
Rxf8+ Qxf8 28. Qxb6 Ne5 29. Bc3 Kg8 30. Rd1 Nd7 31. Qc6 Qd8 32. a5 h5 33. Rd6
Kh7 34. Qe4 Qc7 35. Rc6 Qb7 36. Qc4 Qb1+ 37. Qf1 Qb8 38. Qc4 Bb7 39. Rc7 Bd5
40. Qf4 Qb1+ 41. Qf1 Qxc2 42. Rxd7 Qxc3 43. Rxd5 Qe3+ 44. Kh1 Qe6 45. Qd1 f5
46. Rd6 Qc4 47. Rd7 Qc3 48. h3 h4 49. Re7 Qxa5 50. Qd4 Qe1+ 51. Rxe1 Bxd4 52.
Rd1 Be3 1/2-1/2

[Event "Lloyds Bank Masters 18th"]
[Site "London"]
[Date "1994.08.23"]
[Round "4"]
[White "Duchovny, Eduard"]
[Black "Karayiannis, Costas"]
[Result "1-0"]
[WhiteElo "2335"]
[BlackElo "2080"]
[PlyCount "99"]
[EventDate "1994.08.20"]
[EventType "swiss"]
[EventRounds "10"]
[EventCountry "ENG"]
[SourceTitle "BritBase"]

1. d4 Nf6 2. Nf3 g6 3. c4 c5 4. g3 Bg7 5. Bg2 O-O 6. O-O cxd4 7. Nxd4 Nc6 8.
Nc3 Nxd4 9. Qxd4 d6 10. Qd2 a6 11. a4 Rb8 12. b3 Be6 13. Bb2 Qd7 14. Rfd1 Rfc8
15. a5 Qd8 16. Na4 Nd7 17. Bxg7 Kxg7 18. Be4 Nc5 19. Nxc5 Rxc5 20. Qd4+ f6 21.
Qxc5 dxc5 22. Rxd8 Rxd8 23. Bxb7 Bc8 24. Bxc8 Rxc8 25. Rd1 Kf7 26. e4 Ke8 27.
f4 Rc6 28. Kf2 h6 29. g4 e6 30. Rd3 g5 31. f5 e5 32. Ke2 Ke7 33. Rh3 Rd6 34.
Rxh6 Rd4 35. Rh7+ Ke8 36. Ke3 Rd1 37. Ra7 Re1+ 38. Kd3 Rb1 39. Kc3 Rc1+ 40. Kb2
Re1 41. Rxa6 Re2+ 42. Ka3 Kf7 43. Rc6 Rxe4 44. Rxc5 Re1 45. Rc7+ Kf8 46. Rc6
Kf7 47. Re6 e4 48. Kb4 e3 49. Kb5 e2 50. b4 1-0

[Event "Lloyds Bank Masters 18th"]
[Site "London"]
[Date "1994.08.23"]
[Round "4"]
[White "Frias Pablaza, Victor J"]
[Black "Petursson, Margeir"]
[Result "1/2-1/2"]
[WhiteElo "2480"]
[BlackElo "2540"]
[PlyCount "70"]
[EventDate "1994.08.20"]
[EventType "swiss"]
[EventRounds "10"]
[EventCountry "ENG"]
[SourceTitle "BritBase"]

1. d4 Nf6 2. Nf3 d5 3. c4 c6 4. cxd5 cxd5 5. Nc3 Nc6 6. Bf4 a6 7. e3 Bg4 8. Be2
e6 9. Qb3 Bxf3 10. Bxf3 Na5 11. Qd1 Bd6 12. Bg3 O-O 13. O-O Rc8 14. Rc1 Bxg3
15. hxg3 Qd6 16. Qd3 Rc7 17. e4 dxe4 18. Nxe4 Nxe4 19. Bxe4 g6 20. Rxc7 Qxc7
21. b4 Nc6 22. Rc1 Qb6 23. Bxc6 bxc6 24. a3 Rd8 25. Rc5 a5 26. Rxa5 Rxd4 27.
Qc3 h6 28. Ra8+ Kh7 29. Rf8 Kg7 30. Re8 Qa7 31. a4 c5 32. Qe3 Qd7 33. Qe5+ f6
34. Qb8 Rd1+ 35. Kh2 Rh1+ 1/2-1/2

[Event "Lloyds Bank Masters 18th"]
[Site "London"]
[Date "1994.08.23"]
[Round "4"]
[White "Hebden, Mark"]
[Black "Gurevich, Ilya"]
[Result "1/2-1/2"]
[WhiteElo "2520"]
[BlackElo "2570"]
[PlyCount "90"]
[EventDate "1994.08.20"]
[EventType "swiss"]
[EventRounds "10"]
[EventCountry "ENG"]
[SourceTitle "BritBase"]

1. e4 c5 2. Nc3 e6 3. Nf3 d6 4. g3 Nc6 5. Bg2 Nf6 6. d4 cxd4 7. Nxd4 Bd7 8. O-O
a6 9. a4 Rc8 10. Nxc6 Bxc6 11. a5 d5 12. exd5 Nxd5 13. Nxd5 Bxd5 14. Bxd5 Qxd5
15. Qxd5 exd5 16. c3 Kd7 17. Rd1 Ke6 18. Be3 Bc5 19. Rd3 Bxe3 20. Rxe3+ Kd6 21.
Rd1 Rhd8 22. Red3 Ke6 23. Rd4 Rd7 24. Rh4 h6 25. Rg4 f6 26. Kg2 Rc5 27. Ra4
Rdc7 28. Re1+ Kf7 29. Rd1 Rb5 30. Rd2 Ke6 31. Re2+ Kd6 32. Rd2 Rcc5 33. Rg4 g5
34. h4 Rb3 35. hxg5 hxg5 36. Ra4 Rcb5 37. Ra2 f5 38. f4 gxf4 39. gxf4 Ke6 40.
Re2+ Kf6 41. Rd2 Ke6 42. Kf2 Rc5 43. Ra1 Rc4 44. Kf3 Re4 45. Rad1 d4 1/2-1/2

[Event "Lloyds Bank Masters 18th"]
[Site "London"]
[Date "1994.08.23"]
[Round "4"]
[White "Houska, Miroslav"]
[Black "O'Siochru, Mairead Maura"]
[Result "1-0"]
[WhiteElo "2200"]
[BlackElo "2060"]
[PlyCount "101"]
[EventDate "1994.08.20"]
[EventType "swiss"]
[EventRounds "10"]
[EventCountry "ENG"]
[SourceTitle "BritBase"]

1. Nf3 d5 2. d4 Nf6 3. Bg5 e6 4. e3 Be7 5. Bd3 Nbd7 6. O-O c5 7. c3 O-O 8. Nbd2
b6 9. Qa4 Bb7 10. Ne5 Nxe5 11. dxe5 Ne4 12. Bxe7 Qxe7 13. Nxe4 dxe4 14. Bxe4
Bxe4 15. Qxe4 Rad8 16. Rfd1 Rd7 17. Kf1 Rfd8 18. Ke2 h6 19. Qc6 Kh7 20. Rxd7
Rxd7 21. Rd1 Rxd1 22. Qe4+ Kg8 23. Kxd1 Qd7+ 24. Kc2 Qb5 25. Qa8+ Kh7 26. Qxa7
Qe2+ 27. Kb3 Qxf2 28. Qxb6 Qxe3 29. Qc7 Qf2 30. a4 Qxg2 31. a5 Qd5+ 32. Ka3 c4
33. Kb4 Qd2 34. Qxc4 Qxb2+ 35. Kc5 Qb7 36. Qb5 Qc7+ 37. Kb4 f5 38. exf6 gxf6
39. a6 Qd6+ 40. Ka4 Qd1+ 41. Ka5 Qd8+ 42. Qb6 Qd5+ 43. Kb4 Qe4+ 44. c4 Qe1+ 45.
Kb5 Qb1+ 46. Kc5 Qf5+ 47. Kd6 Qd3+ 48. Ke7 Qxc4 49. Qb7 Kg6 50. a7 Qc5+ 51. Ke8
1-0

[Event "Lloyds Bank Masters 18th"]
[Site "London"]
[Date "1994.08.23"]
[Round "4"]
[White "Hunt, Harriet"]
[Black "Cherniaev, Alexander"]
[Result "1/2-1/2"]
[WhiteElo "2225"]
[BlackElo "2415"]
[PlyCount "107"]
[EventDate "1994.08.20"]
[EventType "swiss"]
[EventRounds "10"]
[EventCountry "ENG"]
[SourceTitle "BritBase"]

1. e4 c5 2. Nf3 Nc6 3. d4 cxd4 4. Nxd4 Nf6 5. Nc3 e5 6. Ndb5 d6 7. Bg5 a6 8.
Na3 b5 9. Nd5 Be7 10. Bxf6 Bxf6 11. c3 Bb7 12. Nc2 O-O 13. g3 Bg5 14. Bg2 Nb8
15. O-O Nd7 16. Nce3 g6 17. f4 exf4 18. gxf4 Bh6 19. Qg4 Kh8 20. Rad1 Ra7 21.
Qh3 Bg7 22. f5 Bxd5 23. Nxd5 Qg5 24. Rd3 Be5 25. fxg6 fxg6 26. Rxf8+ Nxf8 27.
Rf3 Kg8 28. Qc8 Rf7 29. Rxf7 Kxf7 30. Qxa6 Qc1+ 31. Bf1 Qxb2 32. Qa7+ Kg8 33.
Ne7+ Kh8 34. Qf2 Qxf2+ 35. Kxf2 Bxc3 36. Bxb5 Ne6 37. a4 Nc5 38. Ke3 Kg7 39.
Nc6 Nb3 40. Kd3 Be1 41. Kc4 Na5+ 42. Nxa5 Bxa5 43. Kd5 Bb4 44. Kc6 Kf6 45. Kb6
Ke5 46. Bd3 Bc5+ 47. Kb7 Bb4 48. Kb6 Bc5+ 49. Kb7 Kd4 50. Bc2 g5 51. h3 h5 52.
a5 h4 53. Bd1 Kxe4 54. Kc6 1/2-1/2

[Event "Lloyds Bank Masters 18th"]
[Site "London"]
[Date "1994.08.23"]
[Round "4"]
[White "Kaminski, Marcin"]
[Black "McMahon, Daire"]
[Result "1-0"]
[WhiteElo "2440"]
[BlackElo "2240"]
[PlyCount "87"]
[EventDate "1994.08.20"]
[EventType "swiss"]
[EventRounds "10"]
[EventCountry "ENG"]
[SourceTitle "BritBase"]

1. e4 e5 2. Nf3 Nc6 3. Bb5 Nf6 4. O-O Bc5 5. c3 Nxe4 6. d4 exd4 7. cxd4 Be7 8.
d5 Nd6 9. Ba4 Na5 10. Bc2 b6 11. Qd3 Nab7 12. Re1 Kf8 13. Nc3 Nc5 14. Qd4 a5
15. Bf4 Ba6 16. a3 Bf6 17. Be5 Bxe5 18. Nxe5 f6 19. Nf3 Nb5 20. Nxb5 Bxb5 21.
Nh4 d6 22. Nf5 Bd7 23. Ne7 Kf7 24. Qh4 g6 25. Qh6 f5 26. Qf4 Re8 27. Qh6 Rxe7
28. Qxh7+ Kf8 29. Rxe7 Qxe7 30. Qh8+ Kf7 31. Qxa8 Qe2 32. b4 Qxc2 33. bxc5 Qc3
34. Rf1 Bb5 35. Qd8 Qxc5 36. Re1 Kg7 37. h4 Qc3 38. Qe7+ Kg8 39. Qd8+ Kg7 40.
Re7+ Kh6 41. Rxc7 Qa1+ 42. Kh2 Qe5+ 43. Kh3 f4 44. Qf8+ 1-0